Liedtext Quiz - Hoch von Tim Bendzko - Statistiken

Allgemein
  • Dieses Quiz wurde 73 mal gespielt
  • Das Durchschnittsergebnis liegt bei 151 aus 230
Antwortstatistiken
Antworten % Korrekt
hoch
98%
Ich
92%
ich
92%
Die
90%
die
90%
du?“
86%
wir
84%
Wir
84%
immer
82%
Immer,
82%
weit
82%
es
80%
weiter
80%
wenn
78%
Wenn
78%
„Wie
78%
wie
78%
geh'
76%
sind
76%
hinaus
73%
nicht
73%
Sie
73%
Und
73%
an
71%
für
71%
zu
71%
sehen
67%
so
67%
Auch
65%
auch
65%
Auch,
65%
aus
65%
Bin
65%
unten
65%
viel
65%
das
63%
nach
63%
schon
63%
fang'
61%
gehen
61%
Nur
61%
nur
61%
als
59%
dir
59%
fragen
59%
oben
59%
Egal,
57%
erst
57%
gehst
57%
gekommen
57%
hier
57%
Luft
57%
tut
57%
von
57%
weh
57%
Dann
55%
dann
55%
kleiner
55%
mehr
55%
zählen,
55%
Leute
53%
ausgeht
51%
ein
51%
Hürden
51%
meine
49%
Meine
49%
Extrameter
47%
in
47%
genug
45%
komm'
45%
Beine
43%
dazu
43%
mich,
43%
mir
43%
schwer
43%
Schritte
41%
zurück,
41%
glaube,
39%
Aber
37%
Doch
37%
Kann
37%
müde
37%
tausend
37%
Fehler
35%
mach'
35%
nochmal
35%
wieder
35%
Pausen,
33%
nehm'
31%
Schlaf
31%
Anlauf
29%
darf
29%
Angst
27%
keinen
27%
krieg'
27%
löst
25%
Abgrund
24%
prägen
24%
aufgeben
22%
erwarten
22%
Level
20%
Manchmal
20%
nächste
20%
Ausreden
18%
hartnäckig
18%
Keine übereinstimmenden Quizze gefunden
Verteilung der Resultate
Anzahl Personen mit jedem Resultat
Perzentil nach korrekt beantworteten Fragen
Ihre Resultats-Entwicklung
Sie haben dieses Quiz noch nicht gespielt